Základy diplomatickej komunikácie

Salvato in:
Dettagli Bibliografici
Autore principale: Vršanský, Peter
Natura: Libro
Lingua:slovacco
Pubblicazione: Bratislava IURA EDITION 2004
Soggetti:
Tags: Aggiungi Tag
Nessun Tag, puoi essere il primo ad aggiungerne!!

MARC

LEADER 00000nam$a2200000$$$4500
001 0021976
005 20240226123109.1
020 |a 80-8078-015-3 
041 0 |a slo 
044 |a SK 
245 1 0 |a Základy diplomatickej komunikácie  |c Peter Vršanský 
264 1 |a Bratislava  |b IURA EDITION  |c 2004 
300 |a 150 s. 
610 2 0 |a diplomacia 
610 2 0 |a komunikácia 
610 2 0 |a diplomati 
610 2 0 |a správanie 
610 2 0 |a vzdelanie 
610 2 0 |a vzťahy spoločenské 
610 2 0 |a korešpondencia 
610 2 0 |a dokumentácia 
610 2 0 |a rokovania obchodné 
610 2 0 |a informácie 
100 1 |a Vršanský, Peter